NAQT Geography-Asian Rivers - Statistics

General Stats
  • This quiz has been taken 73 times
  • The average score is 8 of 10
Answer Stats
Hint Answer % Correct
Mesopotamia, Zagros Mountains, Fallujah, Babylon Euphrates
91%
Longest in Asia, Kunlun mountains, Tibetan Plateau, Flows into the South China Sea, Three Gorges Dam Yangtze
91%
Mesopotamia, Turkey, Mosul, Tikrit, Baghdad, Persian Gulf. Tigris
87%
Southeast Asia, Laos-Thailand border, Cambodia, Vientiane, Phnom Penh Mekong
83%
Qinghai Province, Bohai Gulf, Grand Canal Yellow River
83%
Hinduism, Bay of Bengal Ganges
79%
Pakistan, Tibet ,Karachi. Punjab, Valley Civilization. Indus
79%
Syria, Mount Hermon, Lake Merom, Sea of Galilee, Dead Sea, Baptism Jordan River
77%
Himalayas, Assam, Bangladesh, world's largest delta. Brahmaputra
60%
Myanmar, Yangon, Mandalay, Gulf of Martaban, Bay of Bengal, Sanskrit for elephant. Irrawaddy
60%
No matching quizzes found
Score Distribution
Percent of People with Each Score
Percentile by Number Answered
Your Score History
You have not taken this quiz